000 00768nam a2200253Ia 4500
003 OSt
005 20220918220652.0
006 a|||||r|||| 00| 0
007 ta
008 220917b |||||||| |||| 00| 0 eng d
024 _a146,727
037 _cTextual
040 _aARTS
_cARTS
_beng
041 _2eng
_aeng
082 _aY49(J):6.41.N7, K8
100 _aPotter Jack M
_9138044
245 0 _aCapitalism and the chinese peasant
_b Social and economic change in a Hong Kong Village
260 _aBerkeley
_bUniveristy of California
_c1968
300 _axiii, 215p.
_ccm.
500 _aBibliography p207-212; Glossary p205-06
650 _aSOCIOLOGY
942 _hY49(J):6.41.N7, K8
_cTEXL
_2CC
999 _c269483
_d269483